Catalogue of interferometric measurements of binary stars (Record no. 8632)

MARC details
000 -LEADER
fixed length control field 00658nam a2200193Ia 4500
003 - CONTROL NUMBER IDENTIFIER
control field IN-BaIIA
008 - FIXED-LENGTH DATA ELEMENTS--GENERAL INFORMATION
fixed length control field 211028s9999 xx 000 0 eng d
040 ## - CATALOGING SOURCE
Transcribing agency IIA Library
080 ## - UNIVERSAL DECIMAL CLASSIFICATION NUMBER
Universal Decimal Classification number 083.8:524.3-355
Item number MCA
100 ## - MAIN ENTRY--PERSONAL NAME
Personal name McAlister, Harold A
9 (RLIN) 14488
245 #0 - TITLE STATEMENT
Title Catalogue of interferometric measurements of binary stars
Statement of responsibility, etc. William I Hartkopf and Harold A McAlister
260 ## - PUBLICATION, DISTRIBUTION, ETC.
Place of publication, distribution, etc. Georgia
Name of publisher, distributor, etc. Georgia State University
Date of publication, distribution, etc. 1984
300 ## - PHYSICAL DESCRIPTION
Extent [various pagings.]
650 ## - SUBJECT ADDED ENTRY--TOPICAL TERM
Topical term or geographic name entry element Astronomy and Astrophysics Thesaurus
650 ## - SUBJECT ADDED ENTRY--TOPICAL TERM
Topical term or geographic name entry element Catalogue-Binary Stars
9 (RLIN) 11416
650 ## - SUBJECT ADDED ENTRY--TOPICAL TERM
Topical term or geographic name entry element Interferometric measurements
9 (RLIN) 14489
700 ## - ADDED ENTRY--PERSONAL NAME
Personal name Hartkopf, William I
9 (RLIN) 14490
942 ## - ADDED ENTRY ELEMENTS (KOHA)
Koha item type Books
Holdings
Withdrawn status Lost status Damaged status Not for loan Home library Current library Shelving location Date acquired Total Checkouts Full call number Barcode Date last seen Price effective from Koha item type
        IIA Library-Bangalore IIA Library-Bangalore General Stacks 21/03/1986   083.8:524.3-355/ MCA 9505 05/11/2021 21/03/1986 Books

Powered by Koha